| 000 | 00438nam a22001817a 4500 | ||
|---|---|---|---|
| 003 | MPLRDC | ||
| 005 | 20220104124850.0 | ||
| 008 | 210129b ||||| |||| 00| 0 eng d | ||
| 020 | _a9971-906-43-0 | ||
| 082 | _a859.6 SHSJ v.6 | ||
| 100 | _a人光出版社编辑 | ||
| 245 |
_a美猴王 _c |
||
| 250 | _a第二版 | ||
| 260 |
_a _b上海书局 _c1986 |
||
| 300 | _b平 | ||
| 650 | _a儿童故事--神话 | ||
| 942 |
_cBK _o859.6 SHSJ v.6 |
||
| 999 |
_c22775 _d22765 |
||